Gaming Quiz

Random Gaming Quiz

Video Game Characters (A-Z) Quiz Stats

Quiz Updated Jan 17, 2015

Challenge
Share
Tweet
Score 0/25 Timer 06:00
2 Plays Today
% Correct
Bowser
93.5%
Yoshi
90.4%
Master Chief
71%
Zelda
68.1%
Ryu
58.6%
Kratos
52.9%
Ezio Auditore da Firenze
51.3%
Cloud Strife
48.9%
Inky
47.5%
Nathan Drake
47.1%
Fearow
45.7%
Gordon Freeman
44.2%
Q*Bert
43.3%
% Correct
Sackboy
41%
Oddjob
40.8%
Pyramid Head
36.9%
Lemming
36%
Vault Boy
27.7%
Tom Nook
27.4%
Wood Man
22.1%
Jack
20.5%
Arthas Menethil
14.4%
HK-47
11.5%
Dirk the Daring
10.2%
Ulala
7.2%

You're not logged in!

Compare scores with friends on all Sporcle quizzes.
Sign Up with Email
OR
Log In

You Might Also Like...

Show Comments

Extras

Top Quizzes Today


Score Distribution

Your Account Isn't Verified!

In order to create a playlist on Sporcle, you need to verify the email address you used during registration. Go to your Sporcle Settings to finish the process.